00501pam a2200181 a 4500001000800000005001700008008004100025010001700066020002200083040001800105041000800123080002100131082002500152100000700177101000800184245006300192504006400255448872420180214034515.0970402s1997 ohua b 001 0 eng  a 97015183  a0538871636 (pbk.) aDLCcDLCdDLC aeng a808.06665 ELE00a808.06665 ELE2211 a60 aBUS10aEssentials of business communication /cMary Ellen Guffey. aIncludes bibliographical references (p. 421-424) and index.